00602nam a2200181Ia 4500003000900000008004100009040001600050080001800066245011400084250001200198260002600210300002300236490003800259650003700297650003700334650001900371700003000390IN-BaIIA211028s9999 xx 000 0 eng d cIIA Library a(035)621bSAL 0aKent's mechanical engineers handbookbvol. 2cedited by Keneth J. Salisbury  a12th ed aNew YorkbWileyc1967 a[various pagings.] aWiley engineering handbook series aHandbooks-Mechanical Engineering aMechanical Engineering Handbooks aNASA Thesaurus aSalisbury, Keneth J., ed.